01781cam a22005054i 4500003000900000005001700009008004100026020001500067020001800082040003300100049000900133082002000142245014900162264009000311300004400401336002100445337002500466338002300491504002000514504003400534505018300568526001000751526001000761526000900771526000900780526000900789526000900798526000900807526000900816526000900825526000800834526000800842526000800850526000800858526000800866650005800874700002900932700003700961700002900998910000801027942001201035999001701047980005501064952015601119PE-LiUPU20250731165516.0181212s2011 miu rb 001 0 eng d a080103406X a9780801034060 bspacPE-LiUPUerdadPE-LiUPU aPRUA04a241.2bD55422300aDictionary of scripture and ethics /cJoel B. Green, general editor ; Jacqueline E. Lapsley, Rebekah Miles, and Allen Verhey, associate editors. 1aGrand Rapids, Michigan :bBaker Academic a division of Baker Publishing Group,c2011. axix, 889 páginas ;c27 centímetros. atext2rdacontent aunmediated2rdamedia avolume2rdacarrier aBibliografía. aÍndice : páginas 861-889.0 aList of Contributors -- List of Abbreviations -- Introduction -- Ethics in Scripture -- Scripture in ethics : a history -- Scripture in ethics : methodological issues -- Entries. aSEG44 aSEG26 aP151 aP150 aP149 aP146 aP145 aP126 aP125 aP92 aP75 aP74 aP27 aP1514aÉtica cristianaxEnseñanza biblicavDiccionarios.1 aGreen, Joel B.,eeditor.1 aLapsley, Jacqueline E.,eeditor.1 aMiles, Rebekah,eeditor. adbm 2ddccBK c30484d30484 81gALBERTO SANCHEZ Responsable de Automatización r2025-12-02 00:00:00i6l0oRC 241.2 D554p79407te1v41.00w2018-12-12xFACTEOyREF102ddc50718REFfP85aBULbBULcREFd2018-12-12eDONACIONg36.00